Orange Brand Logos - Statistics

General Stats
  • This quiz has been taken 976 times
  • The average score is 7 of 10
Answer Stats
Picture Answer % Correct
Firefox
96%
Doritos
94%
Fanta
84%
Nickelodeon
84%
Reddit
84%
Harley-Davidson
75%
Crush
52%
Sunkist
47%
ING
45%
Whataburger
41%
No matching quizzes found
Score Distribution
Percent of People with Each Score
Percentile by Number Answered
Your Score History
You have not taken this quiz